Lý luận và thực tiễn thuần hóa thủy sinh vật

Spremljeno u:
Bibliografski detalji
Glavni autor: A F Karpevits
Format: Knjiga
Jezik:Undetermined
Izdano: Hà Nội KHKT 1983
Teme:
Oznake: Dodaj oznaku
Bez oznaka, Budi prvi tko označuje ovaj zapis!
Thư viện lưu trữ: Trung tâm Học liệu Trường Đại học Cần Thơ
LEADER 00501nam a2200169Ia 4500
001 CTU_8133
008 210402s9999 xx 000 0 und d
082 |a 574.9201 
082 |b K18 
100 |a A F Karpevits 
245 0 |a Lý luận và thực tiễn thuần hóa thủy sinh vật 
245 2 |c A F Karpevits, Vũ Dũng Tiến 
260 |a Hà Nội 
260 |b KHKT 
260 |c 1983 
650 |a marine biology 
980 |a Trung tâm Học liệu Trường Đại học Cần Thơ